Mort subite - Stade de ligue 1 (2025/2026) - Statistiques

Statistiques générales
  • Ce quiz a été pris 427 fois
  • Le résultat moyen est 10 sur 18
Answers on the Grid
Answers color-coded by a green-red scale on the quiz's grid according to % correct below.
Stade de la Meinau
Stade des Alpes
Parc des Princes
Orange Vélodrome
Stade Saint-Symphorien
Stade de la Licorne
Stade Auguste-Delaune
Roazhon Park
Stade du Moustoir
Stade Raymond Kopa
Stadium
Stade de la Mosson
Groupama Stadium
Stade Geoffroy-Guichard
Stade Jean Bouin
Stade de l'Aube
Stade Michel Moretti
Stade Océane
Stade Francis-Le-Blé
Stade de l'Abbé Deschamps
Stade Marcel Picot
Stade Louis II
Stade Francis Le Basser
Stade de Roudourou
Allianz Riviera
Stade Pierre Mauroy
Stade Bollaert
Stade de la Beaujoire
 
Statistiques - réponses
Réponse % Correct
Orange Vélodrome
87%
Parc des Princes
87%
Stade de la Meinau
75%
Roazhon Park
72%
Groupama Stadium
56%
Stade Louis II
55%
Allianz Riviera
53%
Stade Bollaert
53%
Stade de la Beaujoire
53%
Stade Saint-Symphorien
53%
Stade Pierre Mauroy
50%
Stade Raymond Kopa
47%
Stade Francis-Le-Blé
46%
Stade de l'Abbé Deschamps
44%
Stade Océane
41%
Stadium
41%
Stade du Moustoir
39%
Stade Jean Bouin
37%
Aucun quiz correspondant
Distribution des résultats
% des personnes avec chaque résultat
Percentile par nombre de réponses
Votre historique - résultats
Vous n’avez pas pris ce quiz